Un minuto de historia /

El rescate y la difusión de literatura producida por la militancia perseguida, desaparecida o asesinada durante la última dictadura y el período previo, completa el trabajo reparatorio que ejercen las políticas de Memoria, Verdad y Justicia

Guardado en:
Autor Principal: Gradaschi, Miguel Ángel.
Formato: Libro
Idioma:Undetermined
Publicado: La Plata : Meveju, 2022.
Edición:1a ed.
Series:Versos aparecidos ; 3
Materias:
Etiquetas: Agregar Etiqueta
Sin Etiquetas, Sea el primero en etiquetar este registro!
LEADER 00946nam a22002415a 4500
001 CEM.cems020071
008 230508s2022####xx############000#0#und#d
005 20230509102044.0
245 1 0 |a Un minuto de historia /  |c Miguel Ángel Gradaschi. 
250 |a 1a ed. 
260 |a La Plata :  |b Meveju,  |c 2022. 
300 |a 145. 
490 1 |a Versos aparecidos ;  |v 3 
520 |a El rescate y la difusión de literatura producida por la militancia perseguida, desaparecida o asesinada durante la última dictadura y el período previo, completa el trabajo reparatorio que ejercen las políticas de Memoria, Verdad y Justicia 
020 |a 9789872953058 
100 1 |a Gradaschi, Miguel Ángel. 
653 |a Literatura 
653 |a Poesía 
653 |a Memoria 
653 |a Derechos Humanos 
653 |a Dictadura 
859 |a CEMS  |b BIB. CEMS - Agricultura  |h A861.4  |i G754  |p A3560.23  |t Ej.1 
859 |a CEMS  |b BIB. CEMS - 11 de abril  |h A861.4  |i G754  |p 29429.23  |t Ej.1